Τα μνημεία των Σερβίων
Αποθηκεύτηκε σε:
| Κύριος συγγραφέας: | |
|---|---|
| Μορφή: | Βιβλίο |
| Γλώσσα: | Greek |
| Δημοσίευση: |
Αθήναι :
Τυπογραφείον Μ. Μυρτίδου,
1957.
|
| Σειρά: | Ίδρυμα Μελετών Χερσονήσου του Αίμου (Σειρά)
; 18 |
| Θέματα: | |
| Ετικέτες: |
Προσθήκη ετικέτας
Δεν υπάρχουν, Καταχωρήστε ετικέτα πρώτοι!
|
MARC
| LEADER | 00000cam a2200000 a 4500 | ||
|---|---|---|---|
| 001 | 1/118963 | ||
| 008 | 190530s1957####gr | ||| |||| ||gre|| | ||
| 040 | |a GR-MyUa |b gre |c GR-MyUa |e AACR2 | ||
| 041 | 0 | |a gre |b fre | |
| 082 | 7 | |a 726.50949562 |2 (23) | |
| 100 | 1 | |a Ξυγγόπουλος, Ανδρέας, |d 1891-1979. | |
| 245 | 1 | 0 | |a Τα μνημεία των Σερβίων / |c Ανδρέου Ξυγγοπούλου. |
| 260 | |a Αθήναι : |b Τυπογραφείον Μ. Μυρτίδου, |c 1957. | ||
| 300 | |a η', 135 σ. : |b εικ. ; |c 25 εκ. | ||
| 490 | 1 | |a (Ίδρυμα Μελετών Χερσονήσου του Αίμου / Εταιρεία Μακεδονικών Σπουδών ; |v 18) | |
| 546 | |3 Περιλαμβάνει περίληψη στα γαλλικά σ. 119-125. | ||
| 650 | 0 | |a Church architecture |z Greece |z Servia Site. | |
| 650 | 0 | |a Mural painting and decoration, Byzantine |z Greece |z Servia Site. | |
| 651 | 0 | |a Servia Site (Greece) |x Antiquities. | |
| 651 | 0 | |a Kozane (Greece : Nome) |x Antiquities. | |
| 830 | 0 | |a Ίδρυμα Μελετών Χερσονήσου του Αίμου (Σειρά) |v ; 18 | |
| 852 | |a INST |b RHODES |c AKA |e 20190531 |h 726.50949562 ΞΥΓ |p 005400032162 |q 005400032162 |t BK |y 0 | ||
| 970 | |a Κόζα |b Μαρία |z 30/05/2019 | ||